000
00221nam a2200097Ia 4500
008
170619s9999 xx 000 0 und d
100
_a
KHANNA S K
245
0
_a
AIRPORT PLANNING AND DESIGN
260
_b
Nem Chand
260
_c
2009
546
_a
ENGLISH
999
_c
18993
_d
18993